000
00320nam a22001337a 4500
008
171018b xxu||||| |||| 00| 0 eng d
020
_a
0201101041
041
_a
eng
080
_a
338
100
_a
53
101
_a
MEN
245
_a
MATHEMATICS FOR BUSINESS, ECONOMICS AND MANAGEMENT
_c
BITTINGER,M.L
942
_2
udc
_c
BK
999
_c
34644
_d
34644